| 000 | 00552nam a22001337a 4500 | ||
|---|---|---|---|
| 003 | OSt | ||
| 005 | 20160325085346.0 | ||
| 008 | 160325b xxu||||| |||| 00| 0 eng d | ||
| 040 | _cRUA | ||
| 082 | _aATM KAN 2011 B472 Or.1 | ||
| 245 | _aEfficiency of winnower machine assembled in department of agriculture engineering, ប្រសិទ្ធភាពម៉ាស៊ីនបក់ស្រូវ តម្លើងដោយនាយកដ្ឋានគ្រឿងយន្តកសិកម្ម | ||
| 300 |
_ax,49p. _bill. _c29cm. |
||
| 942 |
_2ddc _cATM |
||
| 999 |
_c7822 _d7822 |
||